[Event "Danish Senior CHP for 50+ and 65+"]
[Site "Nyhavnsgade 14, 2. sal. 9000 Aalborg"]
[Date "2022.02.22"]
[Round "3.1"]
[White "Danielsen, Henrik"]
[Black "Stojanovski, Sandi"]
[Result "1-0"]
[BlackElo "2195"]
[WhiteElo "2525"]
[LiveChessVersion "1.4.8"]

1. Nf3 {[%clk 1:30:47]} c5 {[%clk 1:30:37]} 2. e4 {[%clk 1:30:59]} e6
{[%clk 1:26:00]} 3. c3 {[%clk 1:29:46]} d5 {[%clk 1:24:54]} 4. d3
{[%clk 1:24:46]} Nc6 {[%clk 1:23:30]} 5. Nbd2 {[%clk 1:25:02]} Bd6
{[%clk 1:17:47]} 6. g3 {[%clk 1:21:52]} d4 {[%clk 1:10:56]} 7. Bh3
{[%clk 1:07:21]} Nge7 {[%clk 1:03:57]} 8. O-O {[%clk 1:07:36]} e5
{[%clk 1:03:45]} 9. Bxc8 {[%clk 1:07:58]} Rxc8 {[%clk 1:02:53]} 10. Qb3
{[%clk 1:02:00]} Rb8 {[%clk 0:49:52]} 11. cxd4 {[%clk 1:02:03]} Nxd4
{[%clk 0:45:57]} 12. Nxd4 {[%clk 1:02:08]} cxd4 {[%clk 0:45:28]} 13. Nc4
{[%clk 1:02:10]} b5 {[%clk 0:39:53]} 14. Nxd6+ {[%clk 1:01:43]} Qxd6
{[%clk 0:40:18]} 15. Bd2 {[%clk 0:53:29]} Nc6 {[%clk 0:31:41]} 16. Rac1
{[%clk 0:53:03]} O-O {[%clk 0:31:33]} 17. Qd5 {[%clk 0:48:32]} Qxd5
{[%clk 0:31:58]} 18. exd5 {[%clk 0:48:58]} Ne7 {[%clk 0:28:58]} 19. d6
{[%clk 0:43:52]} Nc8 {[%clk 0:19:11]} 20. Rc6 {[%clk 0:36:50]} Rd8
{[%clk 0:09:57]} 21. Ba5 {[%clk 0:32:10]} Nb6 {[%clk 0:09:37]} 22. f4
{[%clk 0:31:46]} exf4 {[%clk 0:05:35]} 23. Rxf4 {[%clk 0:32:01]} Rdc8
{[%clk 0:00:46]} 24. Rc7 {[%clk 0:30:02]} Rxc7 {[%clk 0:00:32]} 25. dxc7
{[%clk 0:30:24]} Rc8 {[%clk 0:00:32]} 26. Bxb6 {[%clk 0:30:52]} 1-0

[Event "Danish Senior CHP for 50+ and 65+"]
[Site "Nyhavnsgade 14, 2. sal. 9000 Aalborg"]
[Date "2022.02.22"]
[Round "3.3"]
[White "Pors, Kim"]
[Black "Thomsen, Søren"]
[Result "1-0"]
[BlackElo "1833"]
[WhiteElo "1459"]
[LiveChessVersion "1.4.8"]

1. c4 {[%clk 1:30:49]} Nf6 {[%clk 1:30:34]} 2. Nf3 {[%clk 1:30:36]} g6
{[%clk 1:30:04]} 3. b3 {[%clk 1:30:15]} Bg7 {[%clk 1:29:58]} 4. Bb2
{[%clk 1:29:44]} O-O {[%clk 1:28:43]} 5. g3 {[%clk 1:29:51]} d6 {[%clk 1:27:40]}
6. d4 {[%clk 1:27:02]} c6 {[%clk 1:26:34]} 7. Bg2 {[%clk 1:26:02]} Qc7
{[%clk 1:25:25]} 8. O-O {[%clk 1:20:30]} Nbd7 {[%clk 1:22:34]} 9. Nbd2
{[%clk 1:13:41]} e5 {[%clk 1:19:43]} 10. dxe5 {[%clk 1:13:48]} dxe5
{[%clk 1:19:50]} 11. Qc2 {[%clk 1:11:39]} Re8 {[%clk 1:18:56]} 12. Ne4
{[%clk 1:08:03]} Nxe4 {[%clk 1:14:06]} 13. Qxe4 {[%clk 1:08:13]} f5
{[%clk 1:14:01]} 14. Qc2 {[%clk 1:07:53]} Nf6 {[%clk 1:08:37]} 15. e3
{[%clk 1:03:08]} Ne4 {[%clk 0:59:14]} 16. Rad1 {[%clk 0:57:17]} Be6
{[%clk 0:56:18]} 17. Nd2 {[%clk 0:54:26]} Ng5 {[%clk 0:49:56]} 18. Nf3
{[%clk 0:49:28]} Nf7 {[%clk 0:48:32]} 19. Rd2 {[%clk 0:41:31]} Rad8
{[%clk 0:41:16]} 20. Rfd1 {[%clk 0:39:06]} Rxd2 {[%clk 0:37:28]} 21. Rxd2
{[%clk 0:38:33]} Rd8 {[%clk 0:32:29]} 22. Rxd8+ {[%clk 0:32:15]} Qxd8
{[%clk 0:31:30]} 23. Bc3 {[%clk 0:21:07]} e4 {[%clk 0:26:29]} 24. Bxg7
{[%clk 0:20:15]} exf3 {[%clk 0:24:14]} 25. Bxf3 {[%clk 0:18:15]} Kxg7
{[%clk 0:24:01]} 26. h4 {[%clk 0:16:11]} Ne5 {[%clk 0:23:24]} 27. Be2
{[%clk 0:15:37]} Qf6 {[%clk 0:20:59]} 28. a4 {[%clk 0:13:42]} Nd7
{[%clk 0:19:34]} 29. Kg2 {[%clk 0:12:47]} Qe5 {[%clk 0:19:30]} 30. Qd2
{[%clk 0:12:04]} Kf7 {[%clk 0:18:51]} 31. h5 {[%clk 0:10:33]} g5 {[%clk 0:16:03]}
32. f4 {[%clk 0:07:29]} gxf4 {[%clk 0:15:17]} 33. exf4 {[%clk 0:07:10]} Qc5
{[%clk 0:13:42]} 34. Qc3 {[%clk 0:06:07]} Nf6 {[%clk 0:13:44]} 35. h6
{[%clk 0:05:58]} Qf2+ {[%clk 0:11:34]} 36. Kxf2 {[%clk 0:04:57]} Ne4+
{[%clk 0:11:46]} 37. Kf3 {[%clk 0:04:27]} Nxc3 {[%clk 0:12:06]} 38. Bd3
{[%clk 0:03:34]} Kf6 {[%clk 0:10:14]} 39. Ke3 {[%clk 0:03:18]} b6
{[%clk 0:09:54]} 40. g4 {[%clk 0:03:03]} Na2 {[%clk 0:09:37]} 41. g5+
{[%clk 0:03:03]} Kg6 {[%clk 0:09:08]} 42. Kd4 {[%clk 0:02:27]} Nb4
{[%clk 0:09:17]} 43. Be2 {[%clk 0:01:25]} Bc8 {[%clk 0:07:07]} 44. Ke5
{[%clk 0:30:12]} Nc2 {[%clk 0:36:09]} 45. Bd3 {[%clk 0:27:27]} c5
{[%clk 0:35:01]} 46. Bxc2 {[%clk 0:27:24]} a6 {[%clk 0:35:16]} 47. Bd1
{[%clk 0:26:39]} Bb7 {[%clk 0:34:58]} 48. Kd6 {[%clk 0:26:10]} 1-0

[Event "Danish Senior CHP for 50+ and 65+"]
[Site "Nyhavnsgade 14, 2. sal. 9000 Aalborg"]
[Date "2022.02.22"]
[Round "3.4"]
[White "Munksgaard, Bo"]
[Black "Pilgaard, Erik"]
[Result "0-1"]
[BlackElo "1383"]
[WhiteElo "1593"]
[LiveChessVersion "1.4.8"]

1. e4 {[%clk 1:30:57]} e5 {[%clk 1:30:55]} 2. Nf3 {[%clk 1:31:13]} Nc6
{[%clk 1:31:05]} 3. d4 {[%clk 1:31:28]} exd4 {[%clk 1:30:55]} 4. Nxd4
{[%clk 1:31:44]} d6 {[%clk 1:29:02]} 5. c4 {[%clk 1:31:54]} Nf6 {[%clk 1:29:02]}
6. Nc3 {[%clk 1:32:12]} Be7 {[%clk 1:28:03]} 7. f3 {[%clk 1:31:21]} O-O
{[%clk 1:24:48]} 8. Be3 {[%clk 1:31:32]} Bd7 {[%clk 1:22:11]} 9. Qd2
{[%clk 1:31:27]} a6 {[%clk 1:21:03]} 10. O-O-O {[%clk 1:30:08]} Nxd4
{[%clk 1:20:34]} 11. Qxd4 {[%clk 1:29:36]} b5 {[%clk 1:15:31]} 12. Kb1
{[%clk 1:24:36]} Be6 {[%clk 1:12:11]} 13. cxb5 {[%clk 1:13:07]} axb5
{[%clk 1:11:48]} 14. Bxb5 {[%clk 1:13:02]} c5 {[%clk 1:11:13]} 15. Qd3
{[%clk 1:10:17]} Qa5 {[%clk 1:07:36]} 16. Bc4 {[%clk 1:09:01]} Bxc4
{[%clk 1:04:14]} 17. Qxc4 {[%clk 1:09:16]} Rfb8 {[%clk 1:04:37]} 18. Rd2
{[%clk 1:01:32]} Rb4 {[%clk 0:56:02]} 19. Qd3 {[%clk 1:01:36]} Rab8
{[%clk 0:52:25]} 20. Rhd1 {[%clk 0:54:35]} c4 {[%clk 0:49:17]} 21. Qd4
{[%clk 0:52:59]} Qa3 {[%clk 0:48:08]} 22. Nd5 {[%clk 0:47:51]} Nxd5
{[%clk 0:47:11]} 23. exd5 {[%clk 0:41:25]} Bf6 {[%clk 0:46:48]} 24. Qa7
{[%clk 0:41:18]} Rxb2+ {[%clk 0:46:10]} 0-1